[Event "Kingston Easter U1600"]
[Site "Kingston"]
[Date "2019.04.21"]
[Round "7.41"]
[White "Arman, Azroy"]
[Black "Wang, Derek"]
[Result "0-1"]
[WhiteElo "1560"]
[BlackElo "1459"]
[PlyCount "96"]
[EventDate "2019.04.18"]
[EventType "swiss"]
[EventRounds "9"]
[EventCountry "CAN"]
[SourceTitle "EXT 2022"]
[Source "ChessBase"]
[SourceDate "2021.10.06"]
[SourceVersion "1"]
[SourceVersionDate "2021.10.06"]
[SourceQuality "1"]

1. e4 c5 2. Nc3 d6 3. f4 Nc6 4. Nf3 Nf6 5. Bb5 Bd7 6. 0-0 a6 7. Bxc6 Bxc6 8. d3 e6 9. Qe1 g6 10. Ng5 Bg7 11. f5 h6 12. Nf3 0-0 13. Qh4 Nh5 14. Qg4 exf5 15. exf5 Bd7 16. Nh4 Nf6 17. Qg3 Nh5 18. Qxd6 Qxh4 19. Qxd7 Bd4+ 20. Be3 Bxe3+ 21. Rf2 Bxf2+ 22. Kf1 Bd4 23. Ne4 Qf4+ 24. Ke2 Qxf5 25. Qxb7 Qg4+ 26. Kf1 f5 27. Qd5+ Kh8 28. Nd2 Nf4 29. Qf3 Qxf3+ 30. Nxf3 Bxb2 31. Rb1 Rab8 32. g3 Nd5 33. Nd2 Nc3 34. Re1 Nxa2 35. Re6 Rf6 36. Re7 Bc3 37. Nb3 Bd4 38. Rd7 Nb4 39. Nxd4 cxd4 40. Rxd4 Nxc2 41. Rd7 Ra8 42. d4 a5 43. d5 a4 44. Rc7 a3 45. Rxc2 a2 46. Rxa2 Rxa2 47. h4 Rb6 48. d6 Rb1# 0-1

[Event "Kingston Easter U1600"]
[Site "Kingston"]
[Date "2019.04.19"]
[Round "2.44"]
[White "Arman, Azroy"]
[Black "De Leon, Rut Jurry"]
[Result "1-0"]
[WhiteElo "1560"]
[BlackElo "1063"]
[PlyCount "53"]
[EventDate "2019.04.18"]
[EventType "swiss"]
[EventRounds "9"]
[EventCountry "CAN"]
[SourceTitle "EXT 2022"]
[Source "ChessBase"]
[SourceDate "2021.10.06"]
[SourceVersion "1"]
[SourceVersionDate "2021.10.06"]
[SourceQuality "1"]

1. e4 g6 2. Nc3 Bg7 3. f4 d6 4. Nf3 Nd7 5. Bc4 Ngf6 6. d3 0-0 7. 0-0 a6 8. Qe1 b5 9. Bb3 e5 10. fxe5 dxe5 11. Qh4 Nh5 12. Bg5 Bf6 13. Bxf6 Qxf6 14. Ng5 Qd8 15. Rxf7 Rxf7 16. Bxf7+ Kh8 17. Bxg6 Qf6 18. Bxh5 h6 19. Nf7+ Kg7 20. Qg3+ Kf8 21. Nd5 Qc6 22. Rf1 Qc5+ 23. Kh1 Ke8 24. Nxe5+ Kd8 25. Qg8+ Nf8 26. Rxf8+ Qxf8 27. Qxf8# 1-0